Statistics for [路線図付き] 都営地下鉄 浅草線 駅名穴埋めクイズ

Click here to take the quiz!

General Stats

  • This quiz has been taken 301 times
  • The average score is 17 of 20

Answers on the Map

Answers color-coded by a green-red scale on the quiz's map according to % correct below.
 

Answer Stats

Answer% Correct
浅草線A18浅草
98%
浅草線A20押上
94%
浅草線A10新橋
91%
浅草線A01西馬込
90%
浅草線A16浅草橋
89%
浅草線A05五反田
88%
浅草線A07泉岳寺
88%
浅草線A02馬込
86%
浅草線A09大門
86%
浅草線A13日本橋
86%
浅草線A08三田
85%
浅草線A17蔵前
81%
浅草線A11東銀座
80%
浅草線A19本所吾妻橋
80%
浅草線A14人形町
78%
浅草線A15東日本橋
76%
浅草線A12宝町
74%
浅草線A03中延
74%
浅草線A04戸越
72%
浅草線A06高輪台
68%

Score Distribution

Percentile by Number Answered

Percent of People with Each Score

Your Score History

You have not taken this quiz